| 000 | 00609cam a2200217 a 4500 | ||
|---|---|---|---|
| 001 | 000008451 | ||
| 005 | 20200929161338.0 | ||
| 008 | 030617s2003 ck 000 1 spa | ||
| 010 | _a2003539698 | ||
| 020 | _a9584205552 | ||
| 040 |
_aDO-SdBNP _cDLC _dDLC |
||
| 043 | _as-ck--- | ||
| 082 |
_aCo863.44 _bC355s |
||
| 100 | 1 |
_aCastro Caycedo, Germán. _922738 |
|
| 245 | 1 | 0 |
_aSin tregua / _cGermán Castro Caycedo. |
| 260 |
_aBogotá : _bPlaneta, _c2003. |
||
| 300 |
_a252 p. ; _c23 cm. |
||
| 650 | 4 |
_aNovela colombiana _91243 |
|
| 650 | 4 |
_aLiteratura colombiana _91244 |
|
| 910 | _aCatalogación por copia / LC | ||
| 999 |
_c8222 _d8222 |
||